20 Animaux commençant par un A - Statistiques

Statistiques générales
  • Ce quiz a été pris 69 fois
  • Le résultat moyen est 8 sur 20
Statistiques - réponses
Hint Réponse % Correct
16 Ara
86%
17 Araignée
75%
12 Ane
73%
1 Abeille
66%
15 Antilope
63%
5 Aigle
61%
10 Anaconda
59%
8 Alligator
58%
20 Autruche
49%
7 Albatros
46%
9 Alouette
42%
14 Anguille
41%
11 Anchois
31%
4 Agneau
29%
3 Acarien
17%
2 Ablette
14%
6 Aigrette
12%
13 Anemone de Mer
12%
19 Auroch
12%
18 Araignée de Mer
2%
Aucun quiz correspondant
Distribution des résultats
% des personnes avec chaque résultat
Percentile par nombre de réponses
Votre historique - résultats
Vous n’avez pas pris ce quiz